| 000 | 00389nam a2200133 a 4500 | ||
|---|---|---|---|
| 005 | 20140412111415.0 | ||
| 008 | 070807s19uu xx 00 eng d | ||
| 020 | _a0-7358-1537-2 | ||
| 050 |
_aTR(PS) E _bRa13 2001 |
||
| 100 | _aPfister, Marcus | ||
| 245 |
_aRainbow fish and the sea monster's cave / _cMarcus Pfister. |
||
| 260 |
_aNew York : _bNorth South books, _c2001. |
||
| 999 |
_c105823 _d105823 |
||